000 00844nam a22002177a 4500
999 _c61770
_d61770
005 20240501103138.0
008 240501s2008 enk||||| |||| 00| 0 eng d
020 _a9781934115251x
041 _aeng
080 _a616-006 P-92
245 _aPrinciples of Molecular Oncology /
_cEdited by Miguel H. Bronchud, MaryAnn Foote, Giuseppe Giaccone.
250 _a3rd Edition
264 _aNew Jersey:
_bHumana,
_c2008.
300 _a418 p.:
_bill.;
_c29 cm.
653 _aმოლეკულური ონკოლოგიის პრინციპები
653 _aმედიცინა
700 _aBronchud, Miguel H.
_eრედაქტორი
_922004
700 _aFoote, MaryAnn
_eრედაქტორი
_922005
700 _aGiaccone, Giuseppe
_eრედაქტორი
_922006
942 _2udc
_cᲬᲘᲒᲜᲘ